| 000 | 00896pam a2200277 a 4500 | ||
|---|---|---|---|
| 001 | 015785195 | ||
| 003 | OSt | ||
| 005 | 20141030111324.0 | ||
| 008 | 110404t2012 xxua frbd 001 0 eng d | ||
| 020 | _a9780071315753 (pbk.) | ||
| 020 | _a0071315756 (pbk.) | ||
| 040 |
_aStDuBDS _beng _cStDuBDS _dUk _dEG-ScBUE |
||
| 082 | 0 | 0 |
_a150 _222 _bLAH |
| 100 | 1 |
_a Lahey, Benjamin B. _926196 |
|
| 245 | 1 | 0 |
_aPsychology : _ban introduction / _cBenjamin B. Lahey. |
| 250 |
_a11th ed., _binternational student ed. |
||
| 260 |
_aNew York, United States : _bMcGraw-Hill, _cc.2012 _f(Acid-Free Paper) |
||
| 300 |
_a[Various pagings] : _bill. (col.) ; _c28 cm. |
||
| 500 | _aIncludes glossary. | ||
| 500 | _aIncludes index. | ||
| 504 | _aIncludes bibliographical references. | ||
| 650 | 0 | _aPsychology | |
| 653 |
_bBUSADM _cSeptember2014 _cOctober2014 |
||
| 655 |
_vreading book _934232 |
||
| 942 |
_2ddc _k150 LAH |
||
| 999 |
_c18387 _d18359 |
||